<?xml version="1.0" encoding="UTF-8"?>
<record
    xmlns:xsi="http://www.w3.org/2001/XMLSchema-instance"
    xsi:schemaLocation="http://www.loc.gov/MARC21/slim http://www.loc.gov/standards/marcxml/schema/MARC21slim.xsd"
    xmlns="http://www.loc.gov/MARC21/slim">

  <leader>02520nam a22003017a 4500</leader>
  <controlfield tag="003">NALT</controlfield>
  <controlfield tag="005">20240905105957.0</controlfield>
  <controlfield tag="008">240813b        th ||||| |||| 00| 0 tha d</controlfield>
  <datafield tag="020" ind1=" " ind2=" ">
    <subfield code="a">9789740218982</subfield>
  </datafield>
  <datafield tag="040" ind1=" " ind2=" ">
    <subfield code="a">NALT</subfield>
  </datafield>
  <datafield tag="050" ind1=" " ind2=" ">
    <subfield code="a">DS 571 </subfield>
    <subfield code="b">&#xE2D;673&#xE0A; 2567</subfield>
  </datafield>
  <datafield tag="100" ind1="0" ind2=" ">
    <subfield code="a">&#xE2D;&#xE32;&#xE2A;&#xE32; &#xE04;&#xE33;&#xE20;&#xE32;</subfield>
    <subfield code="9">51730</subfield>
  </datafield>
  <datafield tag="245" ind1="1" ind2="0">
    <subfield code="a">&#xE0A;&#xE25;&#xE32;&#xE23;&#xE31;&#xE01;&#xE29;&#xE4C;&#xE1A;&#xE1E;&#xE34;&#xE15;&#xE23; : </subfield>
    <subfield code="b">&#xE01;&#xE32;&#xE23;&#xE08;&#xE31;&#xE14;&#xE01;&#xE32;&#xE23;&#xE19;&#xE49;&#xE33;&#xE02;&#xE2D;&#xE07;&#xE01;&#xE29;&#xE31;&#xE15;&#xE23;&#xE34;&#xE22;&#xE4C;&#xE44;&#xE17;&#xE22;&#xE08;&#xE32;&#xE01;&#xE1E;&#xE34;&#xE18;&#xE35;&#xE01;&#xE23;&#xE23;&#xE21;&#xE2A;&#xE39;&#xE48;&#xE01;&#xE32;&#xE23;&#xE1E;&#xE31;&#xE12;&#xE19;&#xE32; /</subfield>
    <subfield code="c">&#xE2D;&#xE32;&#xE2A;&#xE32; &#xE04;&#xE33;&#xE20;&#xE32; &#xE41;&#xE25;&#xE30; &#xE17;&#xE34;&#xE1E;&#xE22;&#xE4C;&#xE1E;&#xE32;&#xE1E;&#xE23; &#xE2D;&#xE34;&#xE19;&#xE04;&#xE38;&#xE49;&#xE21;.</subfield>
  </datafield>
  <datafield tag="250" ind1=" " ind2=" ">
    <subfield code="a">&#xE1E;&#xE34;&#xE21;&#xE1E;&#xE4C;&#xE04;&#xE23;&#xE31;&#xE49;&#xE07;&#xE41;&#xE23;&#xE01;.</subfield>
  </datafield>
  <datafield tag="260" ind1=" " ind2=" ">
    <subfield code="a">&#xE01;&#xE23;&#xE38;&#xE07;&#xE40;&#xE17;&#xE1E;&#xE2F; :</subfield>
    <subfield code="b">&#xE21;&#xE15;&#xE34;&#xE0A;&#xE19;,</subfield>
    <subfield code="c">2567.</subfield>
  </datafield>
  <datafield tag="300" ind1=" " ind2=" ">
    <subfield code="a">278 &#xE2B;&#xE19;&#xE49;&#xE32; :</subfield>
    <subfield code="b">&#xE20;&#xE32;&#xE1E;&#xE1B;&#xE23;&#xE30;&#xE01;&#xE2D;&#xE1A; ;</subfield>
    <subfield code="c">21 &#xE0B;&#xE21;.</subfield>
  </datafield>
  <datafield tag="505" ind1="2" ind2=" ">
    <subfield code="a">1 &#xE04;&#xE27;&#xE32;&#xE21;&#xE2A;&#xE31;&#xE21;&#xE1E;&#xE31;&#xE19;&#xE18;&#xE4C;&#xE23;&#xE30;&#xE2B;&#xE27;&#xE48;&#xE32;&#xE07;&#xE1E;&#xE23;&#xE30;&#xE21;&#xE2B;&#xE32;&#xE01;&#xE29;&#xE31;&#xE15;&#xE23;&#xE34;&#xE22;&#xE4C;&#xE01;&#xE31;&#xE1A;&#xE2A;&#xE31;&#xE07;&#xE04;&#xE21; "&#xE40;&#xE21;&#xE37;&#xE2D;&#xE07;&#xE19;&#xE49;&#xE33;" &#xE43;&#xE19;&#xE1B;&#xE23;&#xE30;&#xE27;&#xE31;&#xE15;&#xE34;&#xE28;&#xE32;&#xE2A;&#xE15;&#xE23;&#xE4C;&#xE44;&#xE17;&#xE22; -- 2 &#xE2A;&#xE31;&#xE07;&#xE04;&#xE21; "&#xE40;&#xE21;&#xE37;&#xE2D;&#xE07;&#xE19;&#xE49;&#xE33;" &#xE43;&#xE19;&#xE40;&#xE02;&#xE15;&#xE25;&#xE38;&#xE48;&#xE21;&#xE19;&#xE49;&#xE33;&#xE40;&#xE08;&#xE49;&#xE32;&#xE1E;&#xE23;&#xE30;&#xE22;&#xE32;&#xE41;&#xE25;&#xE30;&#xE1E;&#xE23;&#xE30;&#xE21;&#xE2B;&#xE32;&#xE01;&#xE29;&#xE31;&#xE15;&#xE23;&#xE34;&#xE22;&#xE4C;&#xE1C;&#xE39;&#xE49;&#xE40;&#xE2A;&#xE14;&#xE47;&#xE08;&#xE2F; &#xE21;&#xE32;&#xE43;&#xE19; "&#xE24;&#xE14;&#xE39;&#xE19;&#xE49;&#xE33;" -- 3 &#xE40;&#xE17;&#xE04;&#xE42;&#xE19;&#xE42;&#xE25;&#xE22;&#xE35;&#xE41;&#xE25;&#xE30;&#xE27;&#xE34;&#xE18;&#xE35;&#xE27;&#xE34;&#xE17;&#xE22;&#xE32;&#xE43;&#xE19;&#xE01;&#xE32;&#xE23;&#xE1A;&#xE23;&#xE34;&#xE2B;&#xE32;&#xE23;&#xE08;&#xE31;&#xE14;&#xE01;&#xE32;&#xE23;&#xE19;&#xE49;&#xE33;&#xE2A;&#xE21;&#xE31;&#xE22;&#xE08;&#xE32;&#xE23;&#xE35;&#xE15;&#xE16;&#xE36;&#xE07;&#xE15;&#xE49;&#xE19;&#xE23;&#xE31;&#xE15;&#xE19;&#xE42;&#xE01;&#xE2A;&#xE34;&#xE19;&#xE17;&#xE23;&#xE4C; -- 4 &#xE0A;&#xE25;&#xE1B;&#xE23;&#xE30;&#xE17;&#xE32;&#xE19;&#xE2B;&#xE25;&#xE27;&#xE07;&#xE2A;&#xE21;&#xE31;&#xE22;&#xE2A;&#xE21;&#xE1A;&#xE39;&#xE23;&#xE13;&#xE32;&#xE0D;&#xE32;&#xE2A;&#xE34;&#xE17;&#xE18;&#xE34;&#xE23;&#xE32;&#xE0A;&#xE22;&#xE4C; -- 5 "&#xE1E;&#xE23;&#xE30;&#xE23;&#xE32;&#xE0A;&#xE2D;&#xE33;&#xE19;&#xE32;&#xE08;&#xE19;&#xE33;" &#xE01;&#xE31;&#xE1A; "&#xE01;&#xE32;&#xE23;&#xE1A;&#xE23;&#xE34;&#xE2B;&#xE32;&#xE23;&#xE08;&#xE31;&#xE14;&#xE01;&#xE32;&#xE23;&#xE19;&#xE49;&#xE33;" &#xE43;&#xE19;&#xE23;&#xE31;&#xE0A;&#xE2A;&#xE21;&#xE31;&#xE22;&#xE1E;&#xE23;&#xE30;&#xE1A;&#xE32;&#xE17;&#xE2A;&#xE21;&#xE40;&#xE14;&#xE47;&#xE08;&#xE1E;&#xE23;&#xE30;&#xE40;&#xE08;&#xE49;&#xE32;&#xE2D;&#xE22;&#xE39;&#xE48;&#xE2B;&#xE31;&#xE27;&#xE20;&#xE39;&#xE21;&#xE34;&#xE1E;&#xE25;&#xE2D;&#xE14;&#xE38;&#xE38;&#xE25;&#xE22;&#xE40;&#xE14;&#xE0A; -- 6 &#xE1A;&#xE17;&#xE2A;&#xE23;&#xE38;&#xE38;&#xE1B;.</subfield>
  </datafield>
  <datafield tag="650" ind1=" " ind2="4">
    <subfield code="a">&#xE01;&#xE29;&#xE31;&#xE15;&#xE23;&#xE34;&#xE22;&#xE4C;&#xE41;&#xE25;&#xE30;&#xE1C;&#xE39;&#xE49;&#xE04;&#xE23;&#xE2D;&#xE07;&#xE19;&#xE04;&#xE23;</subfield>
    <subfield code="z">&#xE44;&#xE17;&#xE22;</subfield>
    <subfield code="9">48</subfield>
  </datafield>
  <datafield tag="650" ind1=" " ind2="4">
    <subfield code="a">&#xE01;&#xE32;&#xE23;&#xE08;&#xE31;&#xE14;&#xE01;&#xE32;&#xE23;&#xE19;&#xE49;&#xE33; </subfield>
    <subfield code="z">&#xE44;&#xE17;&#xE22;</subfield>
    <subfield code="9">2884</subfield>
  </datafield>
  <datafield tag="650" ind1=" " ind2="4">
    <subfield code="a">&#xE01;&#xE32;&#xE23;&#xE08;&#xE31;&#xE14;&#xE01;&#xE32;&#xE23;&#xE25;&#xE38;&#xE48;&#xE21;&#xE19;&#xE49;&#xE33; </subfield>
    <subfield code="z">&#xE44;&#xE17;&#xE22;</subfield>
    <subfield code="9">64540</subfield>
  </datafield>
  <datafield tag="651" ind1=" " ind2="4">
    <subfield code="a">&#xE44;&#xE17;&#xE22;</subfield>
    <subfield code="x">&#xE1B;&#xE23;&#xE30;&#xE27;&#xE31;&#xE15;&#xE34;&#xE28;&#xE32;&#xE2A;&#xE15;&#xE23;&#xE4C;</subfield>
    <subfield code="9">4350</subfield>
  </datafield>
  <datafield tag="700" ind1="0" ind2=" ">
    <subfield code="a">&#xE17;&#xE34;&#xE1E;&#xE22;&#xE4C;&#xE1E;&#xE32;&#xE1E;&#xE23; &#xE2D;&#xE34;&#xE19;&#xE04;&#xE38;&#xE49;&#xE21;</subfield>
    <subfield code="9">64541</subfield>
  </datafield>
  <datafield tag="942" ind1=" " ind2=" ">
    <subfield code="c">GB</subfield>
    <subfield code="2">lcc</subfield>
  </datafield>
  <datafield tag="996" ind1=" " ind2=" ">
    <subfield code="a">chunbijaya.r</subfield>
    <subfield code="b">CATSTF	</subfield>
    <subfield code="c">2024-08-13</subfield>
  </datafield>
  <datafield tag="996" ind1=" " ind2=" ">
    <subfield code="a">saiphon.d</subfield>
    <subfield code="b">CATSTF	</subfield>
    <subfield code="c">2024-08-14</subfield>
  </datafield>
  <datafield tag="999" ind1=" " ind2=" ">
    <subfield code="c">105611</subfield>
    <subfield code="d">105611</subfield>
  </datafield>
  <datafield tag="998" ind1=" " ind2=" ">
    <subfield code="j">8</subfield>
    <subfield code="k"> &#xE19;&#xE32;&#xE22;&#xE1A;&#xE31;&#xE13;&#xE11;&#xE34;&#xE15;  &#xE2D;&#xE38;&#xE17;&#xE32;&#xE27;&#xE07;&#xE04;&#xE4C;</subfield>
  </datafield>
  <datafield tag="952" ind1=" " ind2=" ">
    <subfield code="0">0</subfield>
    <subfield code="1">0</subfield>
    <subfield code="2">lcc</subfield>
    <subfield code="4">0</subfield>
    <subfield code="7">0</subfield>
    <subfield code="8">CGBL</subfield>
    <subfield code="a">NALT</subfield>
    <subfield code="b">NALT</subfield>
    <subfield code="c">GEN</subfield>
    <subfield code="d">2024-08-13</subfield>
    <subfield code="l">2</subfield>
    <subfield code="m">2</subfield>
    <subfield code="o">DS 571 &#xE2D;673&#xE0A; 2567</subfield>
    <subfield code="p">3961214402</subfield>
    <subfield code="r">2024-09-18 00:00:00</subfield>
    <subfield code="s">2024-09-05</subfield>
    <subfield code="w">2024-08-13</subfield>
    <subfield code="y">GB</subfield>
  </datafield>
</record>
